Segundo censo ejidal de los Estados Unidos Mexicanos, 1940 : resumen general.

Bibliographic Details
Corporate Author: Mexico. Dirección General de Estadística
Format: Book
Language:Spanish
Published: Mexico : [publisher not identified], 1949.
Subjects:

MARC

Tag First Indicator Second Indicator Subfields
LEADER 00000cam a2200000 a 4500
001 in00000090180
005 20240805153628.5
008 751031s1949 mx b 000 0 spam
010 |a  53039015  
035 |a (OCoLC)01749086 
035 |9 AAK6265AM 
040 |a DLC  |c FUG  |d TXA  |d UtOrBLW 
043 |a n-mx--- 
049 |a TXAM  |c [1806012] 
050 0 0 |a HD1491 M38  |b A472 1940 
092 |a 338.1  |b M611se, 1940 
245 0 0 |a Segundo censo ejidal de los Estados Unidos Mexicanos, 1940 :  |b resumen general. 
264 1 |a Mexico :  |b [publisher not identified],  |c 1949. 
300 |a 285 pages :  |b folded map ;  |c 23 cm. 
336 |a text  |b txt  |2 rdacontent 
337 |a unmediated  |b n  |2 rdamedia 
338 |a volume  |b nc  |2 rdacarrier 
650 0 |a Agricultural colonies  |z Mexico. 
650 0 |a Agriculture, Cooperative  |z Mexico. 
710 1 |a Mexico.  |b Dirección General de Estadística. 
999 |a MARS 
999 f f |s a74f332d-d091-35cf-a123-240171cfe4c4  |i ce8c67a3-53b1-3c44-91be-f4a126d5a079  |t 0 
952 f f |p ric  |a Texas A&M University  |b Rellis Campus  |c Joint Library Facility  |d Remote Storage  |t 0  |e HD1491 M38 A472 1940  |h Library of Congress classification  |i unmediated -- volume  |m A14806003126 
998 f f |a HD1491 M38 A472 1940  |t 0  |l Remote Storage